000 00988nas a2200265 a 4500
001 001089133
003 AM-YeHGA
005 20250617151446.0
008 150625c19469999le mrzp 0 0arm d
040 _aAM-YeHGA
041 0 _aarm
222 0 _aՍեւան
245 0 0 _aՍեւան :
_bՊարբերագիրք գրականութեան եւ արուեստի. /
_cՀալեպահայ ուսուցչական միություն; Սեւան Հրատարակչական Մարմին.
260 _aՀալէպ :
_bՏպ. Սեւան,
_c1946-.
300 _aհամար.
310 _aԱմենամսյա
362 0 _a1946-
650 0 4 _aԱմսագիր
650 1 4 _aԳրականագիտություն
_vՊարբերական
650 1 4 _aԱրվեստ
_vՊարբերականներ
650 1 4 _aՍփյուռքահայ գաղթօջախներ
_vՊարբերականներ
710 2 _aՀալեպահայ ուսուցչական միություն
942 _2udc
_cCR
090 _c353659
999 _c351846
_d351846